01667nam a2200385Ia 4500001001200000003000800012006001900020007001500039008004100054010001700095020001800112020001500130040002100145035002100166050002600187100002200213245012600235260004000361300002400401504004100425533015200466650007200618650002600690650007200716650006300788650006300851650005700914650005300971650003101024650002801055650002601083655002901109710001701138856012601155ebr10278496CaPaEBRm u cr cn|||||||||980618s1998 nyua sb 000 0 eng d z 98034187  z9780199233656 z0198184808 aCaPaEBRcCaPaEBR a(OCoLC)25264985814aPR428.T73bH33 1998eb1 aHadfield, Andrew.10aLiterature, travel, and colonial writing in the English Renaissance, 1545-1625h[electronic resource] /cAndrew Hadfield. aNew York :bClarendon Press,c1998. axiv, 305 p. :bill. aIncludes bibliographical references. aElectronic reproduction.bPalo Alto, Calif. :cebrary,d2009.nAvailable via World Wide Web.nAccess may be limited to ebrary affiliated libraries. 0aEnglish literatureyEarly modern, 1500-1700xHistory and criticism. 0aTravel in literature. 0aEnglish literaturezGreat BritainxColoniesxHistory and criticism. 0aBritishxTravelzForeign countriesxHistoryy16th century. 0aBritishxTravelzForeign countriesxHistoryy17th century. 0aTravelers' writings, EnglishxHistory and criticism. 0aPolitics and literaturezGreat BritainxHistory. 0aImperialism in literature. 0aColonies in literature. 0aRenaissancezEngland. 7aElectronic books.2local2 aebrary, Inc.40uhttp://site.ebrary.com/lib/rucke/Doc?id=10278496zAn electronic book accessible through the World Wide Web; click to view